Visualizzazione normale
Vista MARC
- Casucci Chiara
di Personal Name
Records bibliografici associati: 1
001 - CONTROL NUMBER
- control field: 33733
003 - CONTROL NUMBER IDENTIFIER
- control field: IT-RoPau
005 - DATE AND TIME OF LATEST TRANSACTION
- control field: 20140706103627.0
008 - FIXED-LENGTH DATA ELEMENTS
- fixed length control field: 140706|| aca||aabn | a|a d
040 ## - CATALOGING SOURCE
- Original cataloging agency: IT-RoPau
- Transcribing agency: IT-RoPau
100 ## - HEADING--PERSONAL NAME
- Personal name: Casucci Chiara
- Relator term: Autore testo e musica
- Miscellaneous information: Codice autore testo/musica SPICS: 59522
670 ## - SOURCE DATA FOUND
- Source citation: Work cat.: (IT-RoPau)101331: AA.VV. 794, Xaipe rallegrati. Messa dei giovani